00627nam a22002177a 450000500170000001000130001702000220003003500130005203700160006504000120008108200160009324500640010925000110017326000460018427000450023030000200027550000490029565000190034465000270036370000190039020170124110103.0 aB-058591 c00.00a8171003702 aB-058591 bCen Lib/Ret aDPLbEN a954.03bGEN aGensis of british power in India /cedited by H.S. Bhatia  a2nd ed aNew DelhibDeep & Deep Publicationsc2001 aF-159, Rajouri GardenbNew Delhie110027 a381. c21cm(Hb) aIncludes bibliographical reference and index aIndian History aBritish GenesiszIndia aBhatia, H.S.